01218nam a22003257a 4500003000500000005001700005008004100022010001000063011001000073035001000083040000900093090001000102100004700112245009500159260003800254300002200292502009700314590003700411590004100448590004100489590004100530590004200571650004100613650004000654901000700694942001000701949003600711999001700747952012800764CHAP20220329140630.0971013s1982 r 00010 d a55053 a56025 a60178 cCHAP aTesis00aSantoscoy Mejía, Eduardo Carlos.9102553 aEstudio comparativo de bacterinas contra coriza infecciosa propagadas en diferentes medios aMéxico, D.F. :bEl autor,c1982 a44 h.b: gráfs. aTesis (Médico Veterinario Zootecnista) -- UNAM. Fac. de Medicina Veterinaria y Zootecnista aALEPHb10c20130110lUCH01h1332 aBATCH-UPDb10c20130110lUCH01h0745 aBATCH-UPDb10c20130410lUCH01h0426 aBATCH-UPDb10c20130914lUCH01h0353 aCONVERSIONb10c20130109lUCH01h133014aAntibióticos en veterinaria.9605314aAves de corralxEnfermedades.98646 aBK cTESIS bBCcTESd-129796eTS1i60178si c55053d55053 00102local4051718TESISaBCbBCcPA_TESISd2012-12-17fTESISl0oTesisp-129796r2019-12-31 00:00:00w2019-12-31yTESIS